01017nam a22002777a 45000010005000000030006000050050017000110080041000280200018000690400029000870500016001160820012001321000023001442450069001672600039002363000064002754900029003395050010003685200104003785210032004825210022005146500032005369420015005689990015005839520141005989375FISKH20251216120641.0251216b cb ||||| |||| 00| 0 eng d a9780545565424 aFISKHbengcFISKHdFISKH aQL105 .C358 a591.998 aCanizares , Susan  aWho lives in the Arctic ? /cBy Susan Canizares . Pamela Chanko  aNew York : bScholastic , c2013.  a16 unnumbered pages : bcolor illustrations ; c18 x 21 cm. aScience emergent readers aB  aPhotographs and simple text explore the variety of animals that have adapted to life in the Arctic.8 a130 bLexile estimate 8 aB bRaz-Plus  aArctic animalsvNon-fiction 2ddccBKn0 c9375d9375 00102ddc40708NFICa002b002cTTP Dark Greend2025-12-16l0oCAN 591.998 QL105 .C358pFISTK03888r2025-12-16 11:51:00w2025-12-16yBK